47th annual of Advirtising, editorial &television art & design (Record no. 11876)

MARC details
000 -CABECERA
campo de control de longitud fija 00393nam a2200133 4500
005 - FECHA Y HORA DE LA ÚLTIMA TRANSACCIÓN
campo de control 20260530113904.0
100 1# - ENTRADA PRINCIPAL--NOMBRE DE PERSONA
Nombre de persona Art Directors Club of New York
9 (RLIN) 32597
245 10 - MENCIÓN DE TÍTULO
Título 47th annual of Advirtising, editorial &television art & design
264 #1 - PRODUCCIÓN, PUBLICACIÓN, DISTRIBUCIÓN, FABRICACIÓN Y COPYRIGHT
Nombre del de productor, editor, distribuidor, fabricante The Comet Press NY
Fecha de producción, publicación, distribución, fabricación o copyright 1968
300 ## - DESCRIPCIÓN FÍSICA
Extensión 480 páginas
336 ## - TIPO DE CONTENIDO
Término de tipo de contenido texto
Fuente rdacontent
337 ## - TIPO DE MEDIO
Nombre/término del tipo de medio sin medio
Fuente rdamedia
338 ## - TIPO DE SOPORTE
Nombre/término del tipo de soporte volumen
Fuente rdacarrier

No items available.